2023 NFL Draft - Statistics

General Stats
  • This quiz has been taken 27 times
  • The average score is 74 of 259
Answer Stats
Rnd. Pick No. NFL team Player Pos. College % Correct
1 1 Carolina Panthers Bryce Young QB Alabama
95%
1 2 Houston Texans C. J. Stroud QB Ohio State
91%
1 4 Indianapolis Colts Anthony Richardson QB Florida
86%
1 8 Atlanta Falcons Bijan Robinson RB Texas
86%
3 70 Las Vegas Raiders Byron Young DT Alabama
86%
3 77 Los Angeles Rams Byron Young DE Tennessee
86%
1 5 Seattle Seahawks Devon Witherspoon CB Illinois
86%
1 9 Philadelphia Eagles Jalen Carter DT Georgia
86%
1 3 Houston Texans Will Anderson Jr. LB Alabama
86%
4 123 Seattle Seahawks Cameron Young DT Mississippi State
82%
5 140 Cleveland Browns Dorian Thompson-Robinson QB UCLA
82%
1 12 Detroit Lions Jahmyr Gibbs RB Alabama
82%
5 145 Carolina Panthers Jammie Robinson S Florida State
82%
1 20 Seattle Seahawks Jaxon Smith-Njigba WR Ohio State
82%
1 23 Minnesota Vikings Jordan Addison WR USC
82%
5 169 Dallas Cowboys Asim Richards OT North Carolina
77%
6 217 Cincinnati Bengals Brad Robbins P Michigan
77%
1 17 New England Patriots Christian Gonzalez CB Oregon
77%
1 25 Buffalo Bills Dalton Kincaid TE Utah
77%
1 26 Dallas Cowboys Mazi Smith DT Michigan
77%
1 6 Arizona Cardinals Paris Johnson Jr. OT Ohio State
77%
1 21 Los Angeles Chargers Quentin Johnston WR TCU
77%
7 251 Pittsburgh Steelers Spencer Anderson OG Maryland
77%
4 124 Baltimore Ravens Tavius Robinson OLB Ole Miss
77%
1 22 Baltimore Ravens Zay Flowers WR Boston College
77%
3 80 Carolina Panthers D. J. Johnson OLB Oregon
73%
1 18 Detroit Lions Jack Campbell LB Iowa
73%
1 30 Philadelphia Eagles Nolan Smith LB Georgia
73%
4 115 Chicago Bears Roschon Johnson RB Texas
73%
1 7 Las Vegas Raiders Tyree Wilson DE Texas Tech
73%
7 242 Green BayPackers Anthony Johnson Jr. S Iowa State
68%
5 160 Jacksonville Jaguars Antonio Johnson S Texas A&M
68%
2 51 Miami Dolphins Cam Smith CB South Carolina
68%
5 170 Las Vegas Raiders Chris Smith II S Georgia
68%
7 259 Los Angeles Rams Desjuan Johnson DE Toledo
68%
3 94 Arizona Cardinals Michael Wilson WR Stanford
68%
1 11 Tennessee Titans Peter Skoronski OT Northwestern
68%
2 34 Detroit Lions Sam LaPorta TE Iowa
68%
5 165 Chicago Bears Terell Smith CB Minnesota
68%
2 33 Tennessee Titans Will Levis QB Kentucky
68%
2 32 Pittsburgh Steelers Joey Porter Jr. CB Penn State
64%
1 15 New York Jets Will McDonald IV DE Iowa State
64%
1 14 Pittsburgh Steelers Broderick Jones OT Georgia
59%
1 24 New York Giants Deonte Banks CB Maryland
59%
1 16 Washington Commanders Emmanuel Forbes CB Mississippi State
59%
1 10 Chicago Bears Darnell Wright OT Tennessee
55%
3 73 New York Giants Jalin Hyatt WR Tennessee
55%
1 13 Green Bay Packers Lukas Van Ness DE Iowa
55%
2 63 Denver Broncos Marvin Mims WR Oklahoma
55%
7 250 Kansas City Chiefs Nic Jones CB Ball State
55%
7 233 Washington Commanders Andre Jones Jr. DE Louisiana
50%
4 131 Cincinnati Bengals Charlie Jones WR Purdue
50%
4 111 Cleveland Browns Dawand Jones OT Ohio State
50%
3 68 Detroit Lions Hendon Hooker QB Tennessee
50%
2 50 Green Bay Packers Jayden Reed WR Michigan State
50%
7 221 Indianapolis Colts Jaylon Jones CB Texas A&M
50%
2 55 Kansas City Chiefs Rashee Rice WR SMU
50%
2 52 Seattle Seahawks Zach Charbonnet RB UCLA
50%
2 45 Detroit Lions Brian Branch S Alabama
45%
2 39 Carolina Panthers Jonathan Mingo WR Ole Miss
45%
2 42 Green Bay Packers Luke Musgrave TE Oregon State
45%
2 35 Las Vegas Raiders Michael Mayer TE Notre Dame
45%
3 69 Houston Texans Tank Dell WR Houston
45%
1 27 Jacksonville Jaguars Anton Harrison OT Oklahoma
41%
1 29 New Orleans Saints Bryan Bresee DT Clemson
41%
1 19 Tampa Bay Buccaneers Calijah Kancey DT Pittsburgh
41%
3 93 Pittsburgh Steelers Darnell Washington TE Georgia
41%
3 84 Miami Dolphins De'Von Achane RB Texas A&M
41%
6 198 Seattle Seahawks Jerrick Reed II S New Mexico
41%
5 177 Los Angeles Rams Puka Nacua WR BYU
41%
4 128 Los Angeles Rams Stetson Bennett QB Georgia
41%
3 78 Green Bay Packers Tucker Kraft TE South Dakota State
41%
3 81 Tennessee Titans Tyjae Spears RB Tulane
41%
5 163 Cincinnati Bengals Chase Brown RB Illinois
36%
4 104 Las Vegas Raiders Jakorian Bennett CB Maryland
36%
1 28 Cincinnati Bengals Myles Murphy DE Clemson
36%
6 185 Jacksonville Jaguars Parker Washington WR Penn State
36%
5 149 Green Bay Packers Sean Clifford QB Penn State
36%
3 88 Jacksonville Jaguars Tank Bigsby RB Auburn
36%
4 135 Las Vegas Raiders Aidan O'Connell QB Purdue
32%
2 60 Cincinnati Bengals D. J. Turner CB Michigan
32%
5 159 Green Bay Packers Dontayvion Wicks WR Virginia
32%
3 91 Buffalo Bills Dorian Williams LB Tulane
32%
1 31 Kansas City Chiefs Felix Anudike-Uzomah DE Kansas State
32%
3 72 Arizona Cardinals Garrett Williams CB Syracuse
32%
3 87 San Francisco 49ers Ji'Ayir Brown S Penn State
32%
3 79 Indianapolis Colts Josh Downs WR North Carolina
32%
2 46 New England Patriots Keion White DE Georgia Tech
32%
3 89 Los Angeles Rams Kobie Turner DT Wake Forest
32%
2 58 Dallas Cowboys Luke Schoonmaker TE Michigan
32%
3 66 Philadelphia Eagles Sydney Brown S Illinois
32%
4 133 Chicago Bears Tyler Scott WR Cincinnati
32%
3 75 Atlanta Falcons Zach Harrison DE Ohio State
32%
6 207 Green Bay Packers Anders Carlson K Auburn
27%
2 41 Arizona Cardinals BJ Ojulari LB LSU
27%
3 74 Cleveland Browns Cedric Tillman WR Tennessee
27%
4 116 Green Bay Packers Colby Wooden DT Auburn
27%
5 158 Indianapolis Colts Daniel Scott S California
27%
2 37 Seattle Seahawks Derick Hall OLB Auburn
27%
6 178 Dallas Cowboys Eric Scott Jr. CB Southern Miss
27%
2 53 Chicago Bears Gervon Dexter DT Florida
27%
3 99 San Francisco 49ers Jake Moody K Michigan
27%
5 164 Minnesota Vikings Jaren Hall QB BYU
27%
2 43 New York Jets Joe Tippmann C Wisconsin
27%
6 187 New England Patriots Kayshon Boutte WR LSU
27%
2 59 Buffalo Bills O'Cyrus Torrence OG Florida
27%
2 56 Chicago Bears Tyrique Stevenson CB Miami (FL)
27%
6 206 Cincinnati Bengals Andrei Iosivas WR Princeton
23%
3 101 San Francisco 49ers Cameron Latu TE Alabama
23%
5 139 Arizona Cardinals Clayton Tune QB Houston
23%
2 48 Tampa Bay Buccaneers Cody Mauch OG North Dakota State
23%
3 90 Dallas Cowboys DeMarvion Overshown LB Texas
23%
4 125 Los Angeles Chargers Derius Davis WR TCU
23%
3 67 Denver Broncos Drew Sanders LB Arkansas
23%
5 172 New York Giants Eric Gray RB Oklahoma
23%
2 57 New York Giants John Michael Schmitz C Minnesota
23%
3 95 Cincinnati Bengals Jordan Battle S Alabama
23%
3 71 New Orleans Saints Kendre Miller RB TCU
23%
3 83 Denver Broncos Riley Moss CB Iowa
23%
2 36 Los Angeles Rams Steve Avila OG TCU
23%
3 100 Las Vegas Raiders Tre Tucker WR Cincinnati
23%
4 121 Jacksonville Jaguars Ventrell Miller ILB Florida
23%
3 64 Chicago Bears Zacch Pickens DT South Carolina
23%
6 195 New Orleans Saints A. T. Perry WR Wake Forest
18%
2 61 Jacksonville Jaguars Brenton Strange TE Penn State
18%
3 96 Detroit Lions Brodric Martin DT Western Kentucky
18%
7 232 Green Bay Packers Carrington Valentine CB Kentucky
18%
4 112 New England Patriots Chad Ryland K Maryland
18%
4 113 Atlanta Falcons Clark Phillips III CB Utah
18%
6 210 New England Patriots Demario Douglas WR Liberty
18%
6 212 Dallas Cowboys Deuce Vaughn RB Kansas State
18%
4 127 New OrleansSaints Jake Haener QB Fresno State
18%
2 62 Houston Texans Juice Scruggs C Penn State
18%
2 44 Indianapolis Colts JuJu Brents CB Kansas State
18%
2 49 Pittsburgh Steelers Keeanu Benton NT Wisconsin
18%
4 105 Philadelphia Eagles Kelee Ringo CB Georgia
18%
2 38 Atlanta Falcons Matthew Bergeron OG Syracuse
18%
7 239 Los Angeles Chargers Max Duggan QB TCU
18%
5 151 Seattle Seahawks Mike Morris DE Michigan
18%
5 148 Chicago Bears Noah Sewell LB Oregon
18%
2 47 Washington Commanders Quan Martin S Illinois
18%
6 188 Philadelphia Eagles Tanner McKee QB Stanford
18%
3 86 Baltimore Ravens Trenton Simpson ILB Clemson
18%
2 54 Los Angeles Chargers Tuli Tuipulotu OLB USC
18%
3 92 Kansas City Chiefs Wanya Morris OT Oklahoma
18%
3 82 Tampa Bay Buccaneers YaYa Diaby DE Louisville
18%
4 110 Indianapolis Colts Adetomiwa Adebawore DT Northwestern
14%
5 166 Kansas City Chiefs B. J. Thompson LB Stephen F. Austin
14%
4 106 Indianapolis Colts Blake Freeland OT BYU
14%
4 118 Washington Commanders Braeden Daniels OT Utah
14%
5 142 Cleveland Browns Cameron Mitchell CB Northwestern
14%
4 114 Carolina Panthers Chandler Zavala OG NC State
14%
2 40 New Orleans Saints Isaiah Foskey DE Notre Dame
14%
5 143 New York Jets Israel Abanikanda RB Pittsburgh
14%
7 244 Dallas Cowboys Jalen Brooks WR South Carolina
14%
4 134 Minnesota Vikings Jay Ward S LSU
14%
6 179 Green Bay Packers Karl Brooks DT Bowling Green
14%
6 180 Arizona Cardinals Kei'Trel Clark CB Louisville
14%
7 237 Seattle Seahawks Kenny McIntosh RB Georgia
14%
7 235 Green Bay Packers Lew Nichols III RB Central Michigan
14%
3 76 New England Patriots Marte Mapu LB Sacramento State
14%
4 132 Pittsburgh Steelers Nick Herbig OLB Wisconsin
14%
4 103 New Orleans Saints Nick Saldiveri OT Old Dominion
14%
5 168 Arizona Cardinals Owen Pappoe LB Auburn
14%
5 173 San Francisco 49ers Robert Beal Jr. LB Georgia
14%
3 98 Cleveland Browns Siaki Ika DT Baylor
14%
3 65 Philadelphia Eagles Tyler Steen OT Alabama
14%
6 205 Houston Texans Xavier Hutchinson WR Iowa State
14%
7 257 Denver Broncos Alex Forsyth C Oregon
9%
7 219 Detroit Lions Antoine Green WR North Carolina
9%
6 192 New England Patriots Bryce Baringer P Michigan State
9%
4 120 New York Jets Carter Warren OT Pittsburgh
9%
4 119 Kansas City Chiefs Chamarri Conner S Virginia Tech
9%
5 152 Detroit Lions Colby Sorsdal OT William & Mary
9%
7 226 Jacksonville Jaguars Cooper Hodges OT Appalachian State
9%
3 85 Los Angeles Chargers Daiyan Henley ILB Washington State
9%
5 138 Indianapolis Colts Darius Rush CB South Carolina
9%
5 175 Los Angeles Rams Davis Allen TE Clemson
9%
7 222 Minnesota Vikings DeWayne McBride RB UAB
9%
4 109 Houston Texans Dylan Horton DE TCU
9%
7 223 Los Angeles Rams Ethan Evans P Wingate
9%
7 254 New York Giants Gervarrius Owens S Houston
9%
7 256 Green Bay Packers Grant DuBose WR Charlotte
9%
5 167 Houston Texans Henry To'oTo'o LB Alabama
9%
4 126 Cleveland Browns Isaiah McGuire DE Missouri
9%
4 107 New England Patriots Jake Andrews C Troy
9%
6 201 Houston Texans Jarrett Patterson C Notre Dame
9%
7 234 Los Angeles Rams Jason Taylor II S Oklahoma State
9%
6 183 Denver Broncos JL Skinner S Boise State
9%
4 122 Arizona Cardinals Jon Gaines II OG UCLA
9%
5 147 Tennessee Titans Josh Whyle TE Cincinnati
9%
5 150 Buffalo Bills Justin Shorter WR Florida
9%
5 137 Washington Commanders KJ Henry DE Clemson
9%
5 157 Baltimore Ravens Kyu Blu Kelly CB Stanford
9%
6 190 Cleveland Browns Luke Wypler C Ohio State
9%
3 102 Minnesota Vikings Mekhi Blackmon CB USC
9%
5 154 Seattle Seahawks Olu Oluwatimi C Michigan
9%
3 97 Washington Commanders Ricky Stromberg C Arkansas
9%
7 253 San Francisco 49ers Ronnie Bell WR Michigan
9%
4 117 New England Patriots Sidy Sow OG Eastern Michigan
9%
5 153 Tampa Bay Buccaneers SirVocea Dennis LB Pittsburgh
9%
7 218 Chicago Bears Travis Bell DT Kennesaw State
9%
6 209 New York Giants Tre Hawkins III CB Old Dominion
9%
6 182 Los Angeles Rams Tre Tomlinson CB TCU
9%
6 191 Tampa Bay Buccaneers Trey Palmer WR Nebraska
9%
4 130 Jacksonville Jaguars Tyler Lacy DE Oklahoma State
9%
4 129 Dallas Cowboys Viliami Fehoko DE San Jose State
9%
5 162 Indianapolis Colts Will Mallory TE Miami (FL)
9%
5 136 Jacksonville Jaguars Yasir Abdullah OLB Louisville
9%
6 215 Los Angeles Rams Zach Evans RB Ole Miss
9%
7 220 New York Jets Zack Kuntz TE Old Dominion
9%
6 214 New England Patriots Ameer Speed CB Michigan State
5%
7 229 Baltimore Ravens Andrew Vorhees OG USC
5%
4 108 Seattle Seahawks Anthony Bradford OG LSU
5%
5 144 New England Patriots Atonio Mafi OG UCLA
5%
7 248 Houston Texans Brandon Hill S Pittsburgh
5%
7 247 San Francisco 49ers Brayden Willis TE Oklahoma
5%
6 193 Washington Commanders Chris Rodriguez Jr. RB Kentucky
5%
6 202 Jacksonville Jaguars Christian Braswell CB Rutgers
5%
7 228 Tennessee Titans Colton Dowell WR UT Martin
5%
7 241 Pittsburgh Steelers Cory Trice CB Purdue
5%
5 155 San Francisco 49ers Darrell Luter Jr. CB South Alabama
5%
6 216 San Francisco 49ers Dee Winters LB TCU
5%
7 224 Atlanta Falcons DeMarcco Hellams S Alabama
5%
7 246 Cincinnati Bengals D. J. Ivey CB Miami (FL)
5%
6 197 Miami Dolphins Elijah Higgins WR Stanford
5%
6 208 Jacksonville Jaguars Erick Hallett S Pittsburgh
5%
5 176 Indianapolis Colts Evan Hull RB Northwestern
5%
6 186 Tennessee Titans Jaelyn Duncan OT Maryland
5%
7 236 Indianapolis Colts Jake Witt OT Northern Michigan
5%
7 255 San Francisco 49ers Jalen Graham OLB Purdue
5%
5 141 Minnesota Vikings Jaquelin Roy DT LSU
5%
5 146 New Orleans Saints Jordan Howden S Minnesota
5%
5 156 Los Angeles Chargers Jordan McFadden OG Clemson
5%
7 243 New York Giants Jordon Riley DT Oregon
5%
6 196 Tampa Bay Buccaneers Jose Ramirez LB Eastern Michigan
5%
6 194 Kansas City Chiefs Keondre Coburn DT Texas
5%
7 249 Philadelphia Eagles Moro Ojomo DE Texas
5%
7 231 Las Vegas Raiders Nesta Jade Silvera DT Arizona State
5%
7 230 Buffalo Bills Nick Broeker OG Ole Miss
5%
5 161 Los Angeles Rams Nick Hampton LB Appalachian State
5%
6 189 Los Angeles Rams Ochaun Mathis DE Nebraska
5%
5 171 Tampa Bay Buccaneers Payne Durham TE Purdue
5%
7 227 Jacksonville Jaguars Raymond Vohasek DT North Carolina
5%
5 174 Los Angeles Rams Warren McClendon OT Georgia
5%
7 252 Buffalo Bills Alex Austin CB Oregon State
0%
6 203 Las Vegas Raiders Amari Burney LB Florida
0%
6 213 Arizona Cardinals Dante Stills DT West Virginia
0%
7 240 Jacksonville Jaguars Derek Parish FB Houston
0%
7 245 New England Patriots Isaiah Bolden CB Jackson State
0%
6 204 New York Jets Jarrick Bernard-Converse CB LSU
0%
6 181 Tampa Bay Buccaneers Josh Hayes CB Kansas State
0%
7 225 Atlanta Falcons Jovaughn Gwyn OG South Carolina
0%
7 258 Chicago Bears Kendall Williamson CB Stanford
0%
6 199 Baltimore Ravens Malaesala Aumavae–Laulu OT Oregon
0%
7 238 Miami Dolphins Ryan Hayes OT Michigan
0%
6 200 Los Angeles Chargers Scott Matlock DT Boise State
0%
6 211 Indianapolis Colts Titus Leo OLB Wagner
0%
6 184 New York Jets Zaire Barnes LB Western Michigan
0%
No matching quizzes found
Score Distribution
Percent of People with Each Score
Percentile by Number Answered
Your Score History
You have not taken this quiz